1250 1981 1774 1119 1731 1854 1321 1484 1112 1310 1558 1666 1418 1308 1742 1561 1063 1737 1416 1812 1844 1264 1834 1920 1093 1724 1292 1222 1255 1449 1489 1989 1553 1391 1581 1115 1868 1589 1129 1648 1739 1875 1762 1742 1627 1014 1201 1669 1729 1723 1263 1734 1218 1833 1833 1570 1853 1602 1541 1632 1534 1283 1650 1490 1012 1688 1050 1406 1746 1617 1720 1148 1632 1187 1094 1340 1466 1364 1576 1494 1066 1864 1604 1386 1510 1928 1190 1803 1827 1995 1810 1549 1959 1392 1767 1122 1068 1951 1257 BCNSPRNW ULIB Ver.6.0+V

เปลี่ยนเป็นภาษาไทย

Change to English
 แสดงรายละเอียดบรรณานุกรม
  กลับหน้าหลัก

Brief Record : Get Marc (ISO 2709) : E-mail record : QR code < ปิดหน้าต่าง
LEADER : 00000nam 2200000uu 4500
001    13399125779
003     ULIB
008    170831s2560||||th 000 0 tha d
020    ^a9786163981486
060 04 ^aWY105^bภ476^d2560
245 10 ^aภาวะผู้นำและการจัดการทางการพยาบาล=^bLeadership of Nursing Administration /^cบรรณาธิการ, อภิรดี นันท์ศุภวัฒน์
246 31 ^aLeadership of Nursing Administration
260    ^aเชียงใหม่ :^bคณะพยาบาลษาสตร์ มหาวิทยาลัยเชียงใหม่,^c2560
300    ^a234 หน้า ;^c19 ซม.
505 0  ^a... แนวคิดการจัดการและทฤษฎีองค์การ ... แนวคิดทฤษฎีภาวะผู้นำ ... กระบวนการภาวะผู้นำและการจัดการทางการพยาบาล ... การจัดการคุณภาพทางการพยาบาล ... การใช้ทรัพยากรอย่างมีประสิทธิภาพและประสิทธิผล: เทคโนโลยีสารสนเทศ ... การใช้ทรัพยากรอย่างมีประสิทธิภาพและประสิทธิผล: การเงินและพัสดุ ... การใช้ทรัพยากรอย่างมีประสิทธิภาพและประสิทธิผล: บุคลากรทางการพยาบาล ... แนวคิดและเทคนิคการสร้างสัมพันธภาพ ... การจัดการเวลา ... การจัดการกับความเครียด ... การจัดการทรัพยากรมนุษย์ ... การพัฒนาทรัพยากรมนุษย์ ... การจัดอัตรากำลังบุคลากรทางการพยาบาล ... การจัดการหอผู้ป่วย ... กระบวนการนโยบายและการมีส่วนร่วมในกระบวนการนโยบาย ... แนวโน้มภาวะผู้นำและการจัดการทางพยาบาล
650  2 ^aLeadership
650  2 ^aNursing
650  7 ^aบทบาท
650  7 ^aการพยาบาล^xการจัดการ
650  7 ^aภาวะผู้นำ
700 0  ^aอภิรดี นันท์ศุภวัฒน์,^eบรรณาธิการ
710 2  ^aมหาวิทยาลัยเชียงใหม่.^bคณะพยาบาลศาสตร์
945    ^p0^l0^i003170
945    ^p0^l0^i003171
945    ^p0^l0^i003172
945    ^p0^l0^i003173
945    ^p0^l0^i003174
945    ^p0^l0^i003175
945    ^p0^l0^i003176
945    ^p0^l0^i003177
945    ^p0^l0^i003178
945    ^p0^l0^i003179
999    ^aประนอม เกษจรัล
รายการนี้ยังไม่มีแท็ก
คุณยังไม่ได้ล็อกอิน คุณสามารถมีกิจกรรมร่วมกับเว็บไซต์ได้ แต่ต้องล็อกอินก่อน ::
  ล็อกอิน

รายการสื่อสารสนเทศ

ลำดับที่ ประเภท เลขเรียก/บาร์โค้ด สถานที่ สถานะ
1. วิทยาศาสตร์การแพทย์ และสุขภาพ
หนังสือสำรอง
สถานะ=หนังสือสำรอง
WY105 ภ476 2560 ฉ.1 
  Barcode: 003170
ห้องสมุดวิทยาเขตสวรรค์ประชารักษ์
►หนังสือทั่วไป
บนชั้น
2. วิทยาศาสตร์การแพทย์ และสุขภาพ
วิทยาศาสตร์การแพทย์ และสุขภาพ
WY105 ภ476 2560 ฉ.10 
  Barcode: 003179
ห้องสมุดวิทยาเขตสวรรค์ประชารักษ์
►หนังสือทั่วไป
บนชั้น
3. วิทยาศาสตร์การแพทย์ และสุขภาพ
วิทยาศาสตร์การแพทย์ และสุขภาพ
WY105 ภ476 2560 ฉ.2 
  Barcode: 003171
ห้องสมุดวิทยาเขตสวรรค์ประชารักษ์
►หนังสือทั่วไป
บนชั้น
4. วิทยาศาสตร์การแพทย์ และสุขภาพ
วิทยาศาสตร์การแพทย์ และสุขภาพ
WY105 ภ476 2560 ฉ.3 
  Barcode: 003172
ห้องสมุดวิทยาเขตสวรรค์ประชารักษ์
►หนังสือทั่วไป
บนชั้น
5. วิทยาศาสตร์การแพทย์ และสุขภาพ
วิทยาศาสตร์การแพทย์ และสุขภาพ
WY105 ภ476 2560 ฉ.4 
  Barcode: 003173
ห้องสมุดวิทยาเขตสวรรค์ประชารักษ์
►หนังสือทั่วไป
บนชั้น
6. วิทยาศาสตร์การแพทย์ และสุขภาพ
วิทยาศาสตร์การแพทย์ และสุขภาพ
WY105 ภ476 2560 ฉ.5 
  Barcode: 003174
ห้องสมุดวิทยาเขตสวรรค์ประชารักษ์
►หนังสือทั่วไป
บนชั้น
7. วิทยาศาสตร์การแพทย์ และสุขภาพ
วิทยาศาสตร์การแพทย์ และสุขภาพ
WY105 ภ476 2560 ฉ.6 
  Barcode: 003175
ห้องสมุดวิทยาเขตสวรรค์ประชารักษ์
►หนังสือทั่วไป
บนชั้น
8. วิทยาศาสตร์การแพทย์ และสุขภาพ
วิทยาศาสตร์การแพทย์ และสุขภาพ
WY105 ภ476 2560 ฉ.7 
  Barcode: 003176
ห้องสมุดวิทยาเขตสวรรค์ประชารักษ์
►หนังสือทั่วไป
บนชั้น
9. วิทยาศาสตร์การแพทย์ และสุขภาพ
วิทยาศาสตร์การแพทย์ และสุขภาพ
WY105 ภ476 2560 ฉ.8 
  Barcode: 003177
ห้องสมุดวิทยาเขตสวรรค์ประชารักษ์
►หนังสือทั่วไป
บนชั้น
10. วิทยาศาสตร์การแพทย์ และสุขภาพ
วิทยาศาสตร์การแพทย์ และสุขภาพ
WY105 ภ476 2560 ฉ.9 
  Barcode: 003178
ห้องสมุดวิทยาเขตสวรรค์ประชารักษ์
►หนังสือทั่วไป
บนชั้น

รายการใกล้เคียง
    หัวเรื่อง [Leadership]
    หัวเรื่อง [Nursing]
    หัวเรื่อง [บทบาท]
    หัวเรื่อง [ภาวะผู้นำ]

BibComment


ยังไม่เคยถูกคอมเมนท์

คอมเมนท์ทรัพยากรรายการนี้
  คอมเมนท์: ภาวะผู้นำและการจ..


 Copyright 2026. Bcnsprnw @Library